El acogimiento convencional de menores

Detalles Bibliográficos
Autor principal: Heras Hernǹdez, Mara̕ del Mar
Formato: Desconocido
Lenguaje:español
Publicado: Madrid : Montecorvo, 2002
Materias:
Acceso en línea:Acceso restringido

MARC

LEADER 00000ny a22000003n 4500
005 20110531131525.0
008 080508t1999 sp s 000 0 spa c
020 |a 8471114135 
035 |a 1726 
040 |a UMA.RE  |d vLex 
080 |a 347.633(460)(0.034) 
080 |a 347.64(460)(0.034) 
090 |c 378  |d 378 
100 1 |a Heras Hernǹdez, Mara̕ del Mar 
245 1 3 |a El acogimiento convencional de menores  |h [Recurso electrn̤ico]  |c Mara̕ del Mar Heras Hernǹdez 
256 |a Servicio en ln̕ea 
260 |a Madrid :  |b Montecorvo,  |c 2002 
506 1 |a Contenido solo disponible en los productos indicados  |d vLex Global  |d vLex Global (Academic Edition, excluding Law Schools)  |d vLex Global (U.S. Academic Edition, Law Schools)  |d vLex Global (U.S. Academic Edition, excluding Law Schools)  |d vLex Global (Academic Edition, Law Schools) 
650 0 7 |a Menores  |2 Tesauro vLex 
650 0 7 |a Civil  |2 Tesauro vLex 
650 0 7 |a Acogimiento  |2 Tesauro vLex 
650 0 7 |a Adopcin̤  |2 Tesauro vLex 
650 0 7 |a Menores de edad  |2 Tesauro vLex 
740 0 |a vLex Libros (Servicios en ln̕ea) 
856 4 0 |u http://vlex.com/source/1726  |z Acceso restringido 
942 |c BOOK 
999 0 |a Minors  |b Madrid